000
00333pam a2200157a 44500
008
230515b1917 xxu||||| |||| 00| 0 eng d
020
_a
NULL
041
_a
HINDI
082
_a
1
100
_a
KIJAWADEKAR
245
_a
SANDHIPRKARAN
250
_a
1
260
_a
SANGALI
_b
N.D.
_c
1917
300
_a
100
650
_a
SANDHIPRKARAN
999
_c
496947
_d
496947